00958cam a2200277 a 45000010008000000030004000080050017000120080041000290100017000700200022000870400018001090500022001270820023001491000020001722450115001922600029003073000029003364400049003655040029004146500028004437100039004719060045005109420012005559990015005679520098005823344895OSt20230626092948.0851219s1984 fr a b i000 0 eng  a 85241816  a9231022202 (pbk.) aDLCcDLCdDLC00aLC1085b.C38 198400a331.25/92219bCAR1 aCarton, Michel.10aEducation and the world of work /cMichel Carton ; a study prepared for the International Bureau of Education. aParis :bUnesco,cc1984. a237 p. :bill. ;c21 cm. 0aStudies and surveys in comparative education aIncludes bibliographies. 0aBusiness and education.2 aInternational Bureau of Education. a7bcbccorignewd3encipf19gy-gencatlg 2ddccBK c2625d2625 00102ddc4070a002b002d2023-06-26l0o331.25/92 CARp10001217r2023-06-26w2023-06-26yBK